Elektroabrasivní obrábění /

Enregistré dans:
Détails bibliographiques
Auteurs principaux: Žížala, Jaroslav (Auteur), Radiměřský, Karel (Auteur)
Format: Livre
Langue:tchèque
Publié: Praha : Práce, 1953
Sujets:
Tags: Ajouter un tag
Pas de tags, Soyez le premier à ajouter un tag!

MARC

LEADER 00000nam a22000003a 4500
001 stu45249
005 20150617225712.7
008 960122s1953----cs------------------cze-d
040 |a STU  |b slo 
041 0 |a cze 
044 |a cs 
080 |a 621.9.048 
100 1 |a Žížala, Jaroslav  |4 aut 
245 1 |a Elektroabrasivní obrábění /  |c [aut.]Jaroslav Žížala, Karel Radiměřský 
260 |a Praha :  |b Práce,  |c 1953 
300 |a 37 s 
650 7 |a Obrábanie elektroabrazívne  |2 stusub 
700 1 |a Radiměřský, Karel  |4 aut 
996 |b MB 88  |c M*B-88  |l MMKN  |s A  |a 24  |w stu45249_0001